| 000 | 00896nam a2200241 a 4500 | ||
|---|---|---|---|
| 001 | BRCA_1245 | ||
| 005 | 20190320203338.0 | ||
| 008 | 040709s2004 txua---##b---#001-0#eng-# | ||
| 020 | _a0300106270 | ||
| 040 |
_aDLC _cDLC _dDLC |
||
| 050 | 4 |
_aN7595.5 _b.R48 2004 |
|
| 245 | 1 | 0 |
_aRetratos _b2,000 years of Latin American Portraits _cElizabeth P. Benson ... [et al.]. |
| 260 |
_aSan Antonio, Texas _bSan Antonio Museum of Art _c2004 |
||
| 300 |
_a302 p. _bil. a color _c32 cm. |
||
| 500 | _aCatálogo de la exposición realizada en el Museo del Barrio (Nueva York),3 diciembre 2004 - 20 marzo 2005. | ||
| 500 | _aIncluye índice alfabético | ||
| 504 | _aBibliografía : p. 276-291 | ||
| 650 | 1 | 4 |
_aRetratos _zAmérica Latina _94100 |
| 650 | 1 | 4 |
_aPintura de retratos _zAmérica Latina _94101 |
| 650 | 1 | 4 |
_aPintura de retratos _zMéxico _94102 |
| 700 | 1 |
_aBenson, Elizabeth P _94103 |
|
| 942 |
_2lcc _cB |
||
| 999 |
_c1115 _d1115 |
||